000 00295cam a2200109ua 4500
082 _a894.812 803 55
_bPOT/HI
100 _aPottekkat, S K .
_91693
245 _aHimalaya Samarajyathil /
260 _aKottayam :
_bSahitya Pravarthaka Co-operative Society ,
_c1970.
300 _a198 ; .
942 _cBK
999 _c525
_d525